书目信息 |
| 题名: |
卡夫卡对我说
|
|
| 作者: | 古斯塔夫·雅努施 著 | |
| 分册: | ||
| 出版信息: | 长春 时代文艺出版社 2009.08 |
|
| 页数: | 156页 | |
| 开本: | 22cm | |
| 丛书名: | ||
| 单 册: | ||
| 中图分类: | I521.065 | |
| 科图分类: | ||
| 主题词: | ||
| 电子资源: | ||
| ISBN: | 978-7-5387-0355-9 | |
| 000 | 00616nam0 2200193 450 | |
| 001 | 1158355031 | |
| 005 | 20111227154725.53 | |
| 010 | @a978-7-5387-0355-9@dCNY32.80 | |
| 100 | @a20111227d2009 km y0chiy0120 ea | |
| 101 | 0 | @achi |
| 102 | @aCN@b220000 | |
| 105 | @az z 000yy | |
| 200 | 1 | @a卡夫卡对我说@Aka fu ka dui wo shuo@f古斯塔夫·雅努施著@Fgu si ta fu·ya nu shi zhu |
| 210 | @a长春@c时代文艺出版社@d2009.08 | |
| 215 | @a156页@d22cm | |
| 690 | @aI521.065@v4 | |
| 701 | 0 | @a古斯塔夫·雅努施@Agu si ta fu·ya nu shi@4著 |
| 801 | 0 | @aCN@b大连网信软件有限公司图书馆·11@c20111227 |
| 905 | @aZUCC@dI521.065@eG449@f5 | |
| 卡夫卡对我说/古斯塔夫·雅努施著.-长春:时代文艺出版社,2009.08 |
| 156页;22cm |
| ISBN 978-7-5387-0355-9:CNY32.80 |
| ● |
| 相关链接 |
|
|
|
正题名:卡夫卡对我说
索取号:I521.065/G449
 
预约/预借
| 序号 | 登录号 | 条形码 | 馆藏地/架位号 | 状态 | 备注 |
| 1 | 1180042 | 211800425 | 文学库116/116文学库 18排1列6层/ [索取号:I521.065/G449] | 在馆 | |
| 2 | 1180043 | 211800434 | 文学库116/116文学库 18排6列2层/ [索取号:I521.065/G449] | 在馆 | |
| 3 | 1180044 | 211800443 | 社科二线422/116文学库 18排1列6层/ [索取号:I521.065/G449] | 在馆 | |
| 4 | 1180045 | 211800452 | 社科二线422/422社科库 49排1列1层/ [索取号:I521.065/G449] | 在馆 | |
| 5 | 1180046 | 211800461 | 文学库116/116文学库 18排1列6层/ [索取号:I521.065/G449] | 在馆 |